El usufructo de cosas consumibles.

Αποθηκεύτηκε σε:
Λεπτομέρειες βιβλιογραφικής εγγραφής
Κύριος συγγραφέας: Torrelles Torrea, Esther (autora)
Άλλοι συγγραφείς: Pérez, Mariano Alfonso (estudio preliminar), Maluquer de Motes Bernet, Carlos (prólogo)
Μορφή: Βιβλίο
Έκδοση: Madrid, España: Marcial Pons, Ediciones Jurídicas y Sociales, S.A., 2000.
Σειρά:Monografías Jurídicas.
Θέματα:
Ετικέτες: Προσθήκη ετικέτας
Δεν υπάρχουν, Καταχωρήστε ετικέτα πρώτοι!

MARC

LEADER 00000nam a22000007a 4500
003 CL-VaPUC
005 20220822114535.0
008 220701t2000 ||||| |||| 00| 0 eng d
999 |c 436597  |d 436595 
020 |a 84-7248-793-8 
040 |c Pontificia Universidad Católica de Valparaíso 
082 7 |a 346.4604 TOR 2000  |2 22 
100 1 |a Torrelles Torrea, Esther  |e autora  |9 871947 
245 1 3 |a El usufructo de cosas consumibles.  
260 |a Madrid, España:  |b Marcial Pons, Ediciones Jurídicas y Sociales, S.A.,   |c 2000. 
300 |a 380 páginas. 
490 |a Monografías Jurídicas. 
500 |a c.1 Donación Familia Prof. Alejandro Guzmán Brito. 
583 |c 20220701  |k Cristina María Rojas Aguilar 
650 |a Usufructo  |z España  |9 872049 
700 |a Pérez, Mariano Alfonso  |e estudio preliminar  |9 871948 
700 |a Maluquer de Motes Bernet, Carlos   |e prólogo  |9 871949 
942 |2 ddc  |c BK  |n 0 
952 |0 0  |1 0  |2 ddc  |4 0  |6 346_460400000000000_TOR_2000  |7 0  |8 C_AGB  |9 584271  |a BIBDER  |b BIBDER  |d 2022-07-01  |e Donación   |i 5652406  |o 346.4604 TOR 2000  |p 5652406  |r 2023-01-25  |t 1  |w 2022-07-01  |y BK_US  |k AGB